<?xml version="1.0" encoding="UTF-8"?>
<marc:record xmlns:marc="http://www.loc.gov/MARC21/slim">
   <marc:leader>00000nam a2200000 a 4500</marc:leader>
   <marc:datafield ind1="0" ind2="0" tag="245">
      <marc:subfield code="a">The Apartment</marc:subfield>
   </marc:datafield>
   <marc:datafield ind1="0" ind2="0" tag="245">
      <marc:subfield code="b">Willkommen im Alptraum</marc:subfield>
   </marc:datafield>
   <marc:datafield ind1=" " ind2="1" tag="264">
      <marc:subfield code="a">München</marc:subfield>
      <marc:subfield code="b">Koch Films</marc:subfield>
      <marc:subfield code="c">2020</marc:subfield>
   </marc:datafield>
   <marc:datafield ind1="1" ind2=" " tag="490">
      <marc:subfield code="a">3</marc:subfield>
   </marc:datafield>
   <marc:datafield ind1="1" ind2=" " tag="520">
      <marc:subfield code="a">Ein eigenes und bezahlbares Apartment in den Hollywood Hills! In einer ruhigen Seitenstraße, mit viel Platz, einem Gemeinschafts-Pool und einer Community, die auch mal gemeinsam grillt. Für Sarah ist mit ihrem Umzug ein Traum in Erfüllung gegangen. Doch der Schein trügt. Merkwürdige Geräusche in der Nacht rauben ihr den Schlaf, ihre Katze verschwindet und irgendwie scheint jeder ein bisschen zu hilfsbereit und freundlich zu sein. Als Sarah dem dunklen Geheimnis des Apartments auf die Spur kommt, ist sie bereits gefangen in einem nicht enden wollenden Alptraum - denn seine Nachbarn kann man sich nicht aussuchen...</marc:subfield>
   </marc:datafield>
   <marc:datafield ind1=" " ind2=" " tag="020">
      <marc:subfield code="a">4260623486315</marc:subfield>
      <marc:subfield code="9">4260623486315</marc:subfield>
   </marc:datafield>
   <marc:datafield ind1="0" ind2=" " tag="490">
      <marc:subfield code="v">0</marc:subfield>
   </marc:datafield>
   <marc:datafield ind1=" " ind2=" " tag="300">
      <marc:subfield code="a">ca. 86 Min.</marc:subfield>
   </marc:datafield>
</marc:record>
